Management změny v řešení konkurenceschopnosti

Príspevok sa zaoberá niektorými aplikáciami obecnej teórie systémov, termodynamiky a biológie do manažmentu. Úloha manažmentu zmien pri riešení konkurencieschopnosti.

Na minha lista:
Detalhes bibliográficos
Autor principal: Kovář, František
Formato: Capítulo de Livro
Idioma:tcheco
Assuntos:
Tags: Adicionar Tag
Sem tags, seja o primeiro a adicionar uma tag!

MARC

LEADER 00000nla a2200000 4500
001 0159354
005 20250815073421.5
041 0 |a cze 
044 |a CZ 
245 1 0 |a Management změny v řešení konkurenceschopnosti  |c František Kovář 
520 |a Príspevok sa zaoberá niektorými aplikáciami obecnej teórie systémov, termodynamiky a biológie do manažmentu. Úloha manažmentu zmien pri riešení konkurencieschopnosti. 
610 2 0 |a manažment 
610 2 0 |a manažment inovačný 
610 2 0 |a teória systémov všeobecná 
610 2 0 |a konkurencieschopnosť 
100 1 |a Kovář, František